| 000 | 00509pam a2200193 a 4500 | ||
|---|---|---|---|
| 020 |
_a9788181473042 _c450.00 |
||
| 041 |
_aeng _hNULL |
||
| 082 |
_a617.3 _bBRO/NEU |
||
| 100 | _aBROWN D.E.,NEUMANN, R.D. | ||
| 245 |
_aORTHOPAEDIC SECRETS / _cNULL. _hTextual Documents |
||
| 250 |
_a3 ED / _b. |
||
| 260 |
_aNULL : _bHANLEY & BELFUS , _c2003. |
||
| 300 |
_a450 : : _bXVII ; ; _cA4 . + _ePB. |
||
| 365 | _a450.00 | ||
| 700 | _aNEUMANN, R . | ||
| 930 | _a2388 | ||
| 999 |
_c796923 _d796923 |
||
| 650 | _aORTHO | ||